Statistiques concernant Culture Générale - Série 765

Cliquez ici pour prendre le quiz!

Statistiques générales

  • Ce quiz a été pris 165 fois
  • Le résultat moyen est 6 sur 10

Statistiques - réponses

QuestionRéponse% Correct
Selon l'expression familière, quand il pleut beaucoup on dit qu'"il pleut comme vache...qui pisse
98%
D'après le slogan de François Mitterrand pour les présidentielles de 1981, comment était la force ?tranquille
79%
Complétez le titre du film réalisé en 1959 par Alain Resnais, "Hiroshima ...mon amour
78%
Quelle chanteuse "zen" est née Isabelle de Truchis de Varennes ?Zazie
74%
Quelle est la capitale de la Géorgie, État situé dans le Caucase ?Tbilissi
68%
Quel appareil électrique servant à brasser et rafraîchir l'air ambiant, a donné son nom à une danse féminine africaine très sexy ?ventilateur
65%
Quelle capitale européenne se cache derrière la ville de Loos ?Oslo
50%
En 1982, quelle chanteuse française interprète le tube "Africa" ?Rose Laurens
45%
Quelle reine d'Égypte était la première épouse du pharaon Ramsès II ?Néfertari
21%
Complétez le titre du film réalisé en 1974 par Jacques Rivette, "Céline et Julie ...vont en bateau
2%

Distribution des résultats

Percentile par nombre de réponses

% des personnes avec chaque résultat

Votre développement - résultats

Vous n’avez pas pris ce quiz